000
00315nam a2200121Ia 4500
005
20251222140039.0
008
251222s1900||||xx |||||||||||||| ||spa||
082
_a
149.7/R76
100
_a
Rodriguez Rivas, Miguel Ángel
245
0
_a
En los Umbrales de la Racionalidad Epistemica
264
_b
CONCYTEC
942
_c
LIB
999
_c
3239
_d
3239